书目信息 |
| 题名: |
绞吸式挖泥船专用设备修理技术标准
|
|
| 作者: | ;中华人民共和国交通部 发布 | |
| 分册: | ||
| 出版信息: | 北京 中华人民共和国交通部 1979 |
|
| 页数: | 90页 | |
| 开本: | 19cm | |
| 丛书名: | ||
| 单 册: | ||
| 中图分类: | U674.2 | |
| 科图分类: | ||
| 主题词: | 船舶,专业工作 | |
| 电子资源: | ||
| ISBN: | ||
| 000 | 00670nam0 2200205 45 | |
| 001 | 0412231007 | |
| 005 | 20041223105903.2 | |
| 010 | @dCNY0.54 | |
| 091 | @a6044.5008 | |
| 100 | @a20041223d1979 km y0chiy0120 ea | |
| 101 | 0 | @achi |
| 105 | @a z 000yy | |
| 200 | 1 | @a绞吸式挖泥船专用设备修理技术标准@AJiao Xi Shi Wa Ni Chuan Zhuan Yong She Bei Xiu Li Ji Shu Biao Zhun@f中华人民共和国交通部发布@FZhong Hua Ren Min Gong He Guo Jiao Tong Bu Fa Bu |
| 210 | @a北京@c中华人民共和国交通部@d1979 | |
| 215 | @a90页@d19cm | |
| 606 | 0 | @a船舶,专业工作 |
| 690 | @aU674.2@v3 | |
| 711 | 02 | @a中华人民共和国交通部@4发布 |
| 801 | @aCN@bTSTCL@c20041223 | |
| 905 | @f1@b4963@dU674.2@e2 | |
| 绞吸式挖泥船专用设备修理技术标准/中华人民共和国交通部发布.-北京:中华人民共和国交通部,1979 |
| 90页;19cm |
| ISBN :CNY0.54 |
| ● |
| 相关链接 |
|
|
|
|
正题名:绞吸式挖泥船专用设备修理技术标准
索取号:U674.2/2
 
预约/预借
| 序号 | 登录号 | 条形码 | 馆藏地/架位号 | 状态 | 备注 |
| 1 | 0004963 | 001483308 | 第三借阅区/ [索取号:U674.2/2] | 在馆 | |
| 2 | 0004965 | 001483291 | 第二样本阅览室/ [索取号:U674.2/2] | 在馆 |